| 000 | 00914cam a22002773a 4500 | ||
|---|---|---|---|
| 001 | 245 | ||
| 003 | PGUSA | ||
| 005 | 20140828082945.0 | ||
| 008 | 040710s2004||||xxu|||||s|||||000 | eng d | ||
| 040 |
_aPGUSA _beng |
||
| 042 | _adc | ||
| 050 | 4 | _aPS | |
| 100 | 1 |
_aTwain, Mark, _d1835-1910 |
|
| 245 | 1 | 0 |
_aLife on the Mississippi _h[electronic resource] / _cMark Twain |
| 260 |
_bProject Gutenberg, _c2004 |
||
| 506 | _aPublic domain in the USA. | ||
| 516 | _aElectronic text | ||
| 653 | _aPilots and pilotage -- Mississippi River | ||
| 653 | _aAuthors, American -- 19th century -- Biography | ||
| 653 | _aMississippi River Valley -- Social life and customs -- 19th century | ||
| 653 | _aMississippi River -- Description and travel | ||
| 653 | _aTwain, Mark, 1835-1910 -- Travel -- Mississippi River | ||
| 830 | 0 |
_aProject Gutenberg _v245 |
|
| 856 | 4 | 0 | _uhttp://www.gutenberg.org/ebooks/245 |
| 942 | _cEB | ||
| 999 |
_c229598 _d229598 |
||